Roman vatandaşların sorunlarına dair çözüm paketi (Record no. 6710)

MARC details
000 -BAŞLIK
Sabit Uzunlukta Kontrol Alanı 01530na a2200349 4500
999 ## - SİSTEM KONTROL NUMARALARI (KOHA)
Koha Biblionumber 6710
Koha Biblioitemnumber 6710
001 - KONTROL NUMARASI
Denetim Alanı 18132
003 - KONTROL NUMARASI IDENTIFIER
Denetim Alanı MIRAKIL
005 - SON İŞLEM TARİHİ VE ZAMANI
Denetim Alanı 20200618161434.0
008 - SABİT-BOY VERİ ELEMANLARI - GENEL BİLGİLER
Sabit Uzunlukta Kontrol Alanı 161111b tu 000 0
035 ## - SİSTEM KONTROL NUMARASI
Sistem Kontrol Numarası 18132
040 ## - KATALOGLAMA KAYNAK
Orijinal Kataloglama Ajansı Milas
Kataloglama Dili tur
Metne Dönüştürmek Ajansı TR-AnCHP
041 ## - DİL KODU
Metin / Ses Parça Veya Ayrı Başlığın Dil Kodu tur
082 ## - DEWEY ONLU SINIFLANDIRMA NUMARASI
Sınıflandırma Numarası CHP 323.1
Ürün Numarası C36r [2015]
090 ## - SINIFLAMA NUMARASI
Sınıflama Numarası CHP 323.1 C36r [2015]
110 ## - ANA GİRİŞ - KURUMSAL ADI
Giriş Elemanı Olarak Kurumsal Ad Veya Yargı Alanı Adı Cumhuriyet Halk Partisi (CHP)
Alt Birim TBMM Grup Başkanlığı
245 ## - BAŞLIK TABLOSU
Başlık Roman vatandaşların sorunlarına dair çözüm paketi
Sorumluluk Tablosu, Vb Cumhuriyet Halk Partisi
260 ## - YAYIN, DAĞITIM, VB
Yayın, Dağıtım, Vb Yeri Ankara
Yayıncı, Dağıtıcı, Vs Adı CHP
Yayın, Dağıtım, Vb Tarihi [2015]
300 ## - FİZİKSEL TANIM
Kapsam 29 s.
Diğer Fiziksel Ayrıntıları res.
Boyutlar 30 sm.
440 ## - SERİSİ TABLOSU / KATMA GİRİŞİ - BAŞLIK
Başlık Cumhuriyet Halk Partisi yayınları
500 ## - GENEL NOT
Genel Not CHP: Türkiye'nin birleştirici gücü
505 ## - BİÇİMLENDİRİLDİ İÇİNDEKİLER NOT
Biçimlendirilmiş İçeriği Dikkat Genel değerlendirme ve sorunun tespiti - Romanların yaşadığı sosyal dışlanma sorununun kaynakları - Romanların sosyal dışlanma sorununu ortadan kaldıracak çözüm önerileri - Roman vatandaşların sorunlarının çözümü için TBMM'ye verilen araştırma önergeleri ve kanun teklifleri
610 ## - KONU KATMA GİRİŞ - TOPLANTI ADI
Giriş Elemanı Olarak Kurumsal Ad Veya Yargı Alanı Adı CHP
Genel Alt Bölüm Azınlıklar
-- Romanlar
Kronolojik Alt Bölüm Çözüm önerileri
610 ## - KONU KATMA GİRİŞ - TOPLANTI ADI
Giriş Elemanı Olarak Kurumsal Ad Veya Yargı Alanı Adı CHP
Genel Alt Bölüm İnsan hakları
Kronolojik Alt Bölüm Çözüm önerileri
610 ## - KONU KATMA GİRİŞ - TOPLANTI ADI
Giriş Elemanı Olarak Kurumsal Ad Veya Yargı Alanı Adı CHP
Genel Alt Bölüm Çözüm paketleri
Kronolojik Alt Bölüm Azınlıklar
650 ## - KONU KATMA GİRİŞ - TOPİKAL DÖNEM
Topikal Süreli Veya Coğrafi Ad Giriş Elemanı Romanlar
Genel Alt Bölümü Sosyo ekonomik durum
Coğrafi Alt Bölümü Türkiye
650 ## - KONU KATMA GİRİŞ - TOPİKAL DÖNEM
Topikal Süreli Veya Coğrafi Ad Giriş Elemanı İnsan hakları
Genel Alt Bölümü Azınlıklar
Coğrafi Alt Bölümü Türkiye
740 ## - KATMA GİRİŞ - KONTROLSUZ İLGİLİ / ANALİTİK BAŞLIK
Kontrol Edilmeyen / İlgili Analitik Başlıktaki CHP: Türkiye'nin birleştirici gücü
830 ## - SERİSİ EKLENDİ GİRİŞ - ÜNİFORM ADI
Üniforma Başlık CHP yayınları
942 ## - EKLENDİ GİRİŞ ELEMANLARI (KOHA)
Koha Öğesi Türü Books
999 ## - SİSTEM KONTROL NUMARALARI (KOHA)
Koha Biblioitemnumber 6710
Holdings
Kullanım Kısıtlamaları Kalıcı Konum Mevcut Konum Edinme Tarihi Edinim Kaynak Toplam Check-Out'Lar Tam Çağrı Numarası Barkod Tarih Son Görülme İtibaren Geçerli Fiyatlar Koha Öğesi Türü Kopya Sayısı
Kütüphane dışına çıkarılamaz CHP Kütüphanesi CHP Kütüphanesi 11/11/2016 Bağış   CHP 323.1 C36r [2015] 009385 11/11/2016 11/11/2016 Books  
Kütüphane dışına çıkarılamaz CHP Kütüphanesi CHP Kütüphanesi 11/11/2016 Bağış   CHP 323.1 C36r [2015] 009386 11/11/2016 11/11/2016 Books k.2
Kütüphane dışına çıkarılamaz CHP Kütüphanesi CHP Kütüphanesi 11/11/2016 Bağış   CHP 323.1 C36r [2015] 009387 11/11/2016 11/11/2016 Books k.3